[Event "HUN-chT2 Toth 1617"]
[Site "Hungary"]
[Date "2016.10.30"]
[Round "3.10"]
[White "Deakne Baranyai, Aniko"]
[Black "Mak, Janos"]
[Result "1/2-1/2"]
[WhiteElo "1547"]
[BlackElo "1799"]
[PlyCount "90"]
[EventDate "2016.09.25"]
[EventType "team-tourn"]
[EventRounds "11"]
[EventCountry "HUN"]
[SourceTitle "EXT 2021"]
[Source "ChessBase"]
[SourceDate "2020.10.23"]
[SourceVersion "1"]
[SourceVersionDate "2020.10.23"]
[SourceQuality "1"]
[WhiteTeam "Nadudvar"]
[BlackTeam "Mako Duocor II"]
[WhiteTeamCountry "HUN"]
[BlackTeamCountry "HUN"]

1. d4 d5 2. Nc3 Nf6 3. Bg5 e6 4. Nf3 Be7 5. Bxf6 Bxf6 6. e3 0-0 7. Bd3 Nc6 8. 0-0 b6 9. a3 Bb7 10. Ne5 g6 11. Nxc6 Bxc6 12. f4 Bg7 13. Qg4 f5 14. Qg3 Qe7 15. Rf3 Bb7 16. Ne2 c5 17. c3 c4 18. Bc2 b5 19. Qe1 a5 20. Rf1 Bc6 21. b4 Ra7 22. Qc1 Rfa8 23. Qb2 g5 24. g3 g4 25. Kf2 h5 26. h4 Bf6 27. Rh1 Kg7 28. Kg2 Kg6 29. Kf2 axb4 30. cxb4 Rc8 31. Nc3 Qg7 32. Ne2 Ra6 33. Ra2 Rca8 34. Qc3 Qa7 35. Rha1 Qe7 36. Rh1 e5 37. fxe5 Bxe5 38. Nf4+ Bxf4 39. exf4 Qa7 40. Rha1 Re8 41. Re1 Rxe1 42. Kxe1 Qe7+ 43. Kf2 Bd7 44. Ra1 Re6 45. Re1 Rxe1 1/2-1/2

[Event "Senta-ch"]
[Site "Senta"]
[Date "2016.02.07"]
[Round "9"]
[White "Vranic, Ljubomir"]
[Black "Mak, Janos"]
[Result "1-0"]
[WhiteElo "2170"]
[BlackElo "1776"]
[PlyCount "43"]
[EventDate "2016.01.22"]
[EventType "swiss"]
[EventRounds "9"]
[EventCountry "SRB"]
[SourceTitle "CBM 170 Extra"]
[Source "ChessBase"]
[SourceDate "2016.02.25"]
[SourceVersion "1"]
[SourceVersionDate "2016.02.25"]
[SourceQuality "1"]

1. d4 d5 2. Nf3 Nf6 3. c4 e6 4. Nc3 Bb4 5. a3 Bxc3+ 6. bxc3 dxc4 7. Qa4+ c6 8. Qxc4 Qa5 9. Bb2 Nbd7 10. a4 Nb6 11. Qb3 Nbd5 12. Nd2 Qc7 13. e4 Ne7 14. e5 Nd7 15. Ba3 c5 16. Bb5 b6 17. Ne4 cxd4 18. Nd6+ Kf8 19. cxd4 Kg8 20. Rc1 Qd8 21. Qf3 Nxe5 22. dxe5 1-0

[Event "Senta-ch"]
[Site "Senta"]
[Date "2016.01.22"]
[Round "1"]
[White "Nagy, Attila"]
[Black "Mak, Janos"]
[Result "1-0"]
[WhiteElo "2237"]
[BlackElo "1776"]
[PlyCount "53"]
[EventDate "2016.01.22"]
[EventType "swiss"]
[EventRounds "9"]
[EventCountry "SRB"]
[SourceTitle "CBM 170 Extra"]
[Source "ChessBase"]
[SourceDate "2016.02.25"]
[SourceVersion "1"]
[SourceVersionDate "2016.02.25"]
[SourceQuality "1"]

1. Nf3 d5 2. g3 Nc6 3. d4 Bf5 4. Bg2 Nf6 5. 0-0 e6 6. c4 dxc4 7. Qa4 Qd7 8. Qxc4 Nb4 9. Ne5 Qc8 10. Na3 Be4 11. Bxe4 Nxe4 12. f3 Nf6 13. e4 Nd7 14. Bf4 Nxe5 15. Bxe5 Nc6 16. Bf4 Bxa3 17. bxa3 f6 18. d5 e5 19. Be3 Ne7 20. Rfd1 f5 21. Rac1 fxe4 22. Qxe4 Qf5 23. Rxc7 Qxe4 24. fxe4 b6 25. Bg5 Nc8 26. d6 Kf8 27. d7 1-0